000 00653nam a2200205 a 4500
005 20210223125111.0
008 030908s1973 ea r 000 0 eng d
035 _aUPN01000128674
049 _aCG
050 4 _aGN550
_bR5.3
100 1 _aRitchie, William A.
245 1 0 _aAboriginal settlement patterns in the northeast /
_cWilliam A. Ritchie and Robert E. Funk.
260 _aAlbany [E.U.A.] :
_bThe University of the State of New York,
_c1973.
300 _a378 p. :
_bil.
440 0 _aMemoir ;
_v20
650 4 _aETNOLOGIA -
_zESTADOS UNIDOS
_926791
650 4 _aHOMBRE -
_xMIGRACIONES
700 1 _aFunk, Robert E.,
_ecoaut.
905 _aLibro
999 _c100851
_d100851